书目信息 |
| 题名: |
乖乖猪
|
|
| 作者: | 蒙哥马利 著 ;魏建武 译 | |
| 分册: | ||
| 出版信息: | 上海 上海三联书店 2011.01 |
|
| 页数: | 353页, [8] 叶图版 | |
| 开本: | 21cm | |
| 丛书名: | 我们与他们系列丛书 | |
| 单 册: | ||
| 中图分类: | I712.45 | |
| 科图分类: | ||
| 主题词: | 长篇小说--chang pian xiao shuo--美国--现代 | |
| 电子资源: | ||
| ISBN: | 978-7-5426-3392-7 | |
| 000 | 01523nam 2200289 450 | |
| 001 | 012011110550 | |
| 005 | 20110730160718.75 | |
| 010 | @a978-7-5426-3392-7@dCNY28.00 | |
| 100 | @a20110730d2011 em y0chiy0120 ea | |
| 101 | 1 | @achi@ceng |
| 102 | @aCN@b310000 | |
| 105 | @aaf z 000ay | |
| 106 | @ar | |
| 200 | 1 | @a乖乖猪@Aguai guai zhu@e克里斯托弗·霍格伍德的奇异生活@f赛·蒙哥马利著@Fsai·meng ge ma li zhu@d= The good good pig@ethe extraordinary life of Christopher Hogwood@fSy Montgomery@g魏建武译@zeng |
| 210 | @a上海@c上海三联书店@d2011.01 | |
| 215 | @a353页, [8] 叶图版@c图@d21cm | |
| 225 | 2 | @a我们与他们系列丛书@Awo men yu ta men xi lie cong shu |
| 330 | @a本书内容:自然主义作家赛·蒙哥马利总觉得与动物相处比与人相处更容易,她能在偏远的丛林里和野生动物一起生活上好几个月。她毫不犹豫地向一只病怏怏的小猪崽敞开了胸怀,这只小动物因为争抢不过他强壮的伙伴们,正面临着营养不良。毫无预兆的是,这位不速之客(我们以后将称之为克里斯托弗·霍格伍德)不仅活了下来,而且越长越壮,甚至帮助赛用一种不可思议的方式与她那小城镇的居民们打成了一片。 | |
| 410 | 0 | @12001 @a我们与他们系列丛书 |
| 500 | 10 | @aGood good pig : the extraordinary life of Christopher Hogwood@mChinese |
| 517 | 1 | @a克里斯托弗·霍格伍德的奇异生活@Ake li si tuo fu·huo ge wu de de qi yi sheng huo |
| 606 | 0 | @a长篇小说@Achang pian xiao shuo@y美国@z现代 |
| 690 | @aI712.45@v4 | |
| 701 | 1 | @a蒙哥马利@Ameng ge ma li@g(Montgomery, Sy)@4著 |
| 702 | 0 | @a魏建武@Awei jian wu@4译 |
| 801 | 0 | @aCN@bQSSK@c20110730 |
| 905 | @b794193-95@dI712.45@eM564@f3 | |
| 乖乖猪:克里斯托弗·霍格伍德的奇异生活/赛·蒙哥马利著= The good good pig:the extraordinary life of Christopher Hogwood/Sy Montgomery/魏建武译.-上海:上海三联书店,2011.01 |
| 353页, [8] 叶图版:图;21cm.-(我们与他们系列丛书) |
| ISBN 978-7-5426-3392-7:CNY28.00 |
| 本书内容:自然主义作家赛·蒙哥马利总觉得与动物相处比与人相处更容易,她能在偏远的丛林里和野生动物一起生活上好几个月。她毫不犹豫地向一只病怏怏的小猪崽敞开了胸怀,这只小动物因为争抢不过他强壮的伙伴们,正面临着营养不良。毫无预兆的是,这位不速之客(我们以后将称之为克里斯托弗·霍格伍德)不仅活了下来,而且越长越壮,甚至帮助赛用一种不可思议的方式与她那小城镇的居民们打成了一片。 |
| ● |
| 相关链接 |
|
|
|
正题名:乖乖猪
索取号:I712.45/M564
 
预约/预借
| 序号 | 登录号 | 条形码 | 馆藏地/架位号 | 状态 | 备注 |
| 1 | 794193 | 207941931 | 社科二线422/116文学库 28排3列5层/ [索取号:I712.45/M564] | 在馆 | |
| 2 | 794194 | 207941940 | 文学库116/116文学库 28排3列5层/ [索取号:I712.45/M564] | 在馆 | |
| 3 | 794195 | 207941959 | 社科二线422/422社科库 30排1列1层/ [索取号:I712.45/M564] | 在馆 |